000 00614nam a2200217 a 4500
005 20210219152844.0
008 991125n 000 0 spa u
035 _aUPN01000063364
100 _aLOPEZ RUIZ, Juan Ignacio
222 _aREVISTA DE EDUCACION
245 _aAl otro lado de la academia : el conocimiento empírico del profesorado
260 _aMadrid, España
300 _a245-268
362 _a2000 No. 321, ene.-abr.
653 0 _aCONSTRUCTIVISMO
653 0 _aEDUCACION PERMANENTE
653 0 _aFORMACION PROFESIONAL
653 0 _aMAESTROS
904 _aAC
_b001175
905 _aArticulo
999 _c62080
_d62080